Word Ladder #18 – Where Am I? - Statistics

General Stats
  • This quiz has been taken 818 times
  • The average score is 13 of 24
Answer Stats
Hint Answer % Correct
TV show: “America’s Got…” Talent
89%
1000 kilograms. Tonne
76%
Feminine hygiene product. Tampon
75%
Fee to use a road. Toll
75%
Mr. Squarepants’ species. Sponge
74%
“You ____ my battleship.” Sunk
72%
To mess with police evidence. Tamper
70%
Beethoven: “Symphony #5 in C _____” Minor
68%
Gaping Florida problem: ____ holes. Sink
67%
Falcon’s weapon. Talon
67%
Expensive fur. Mink
65%
Bubbly spirits. Champagne
62%
Language. Or mouth filler. Tongue
58%
Sudden more forward, as in fencing. Lunge
50%
Vital part of telescopes. Mirror
48%
Where might you find the red-boxed items? Bathroom
43%
Hard labor. Toil
42%
Gumption. Spunk
40%
Jethro Tull’s “Aqua____” Lung
35%
Put obstacles in the way. Hamper
34%
Warren Beatty hairdresser movie. Shampoo
33%
Heedlessly dive in. Plunge
29%
Dated term for grooming: “making one’s... Toilet
18%
Hand-held, rubber trumpet mute. Plunger
17%
No matching quizzes found
Score Distribution
Percent of People with Each Score
Percentile by Number Answered
Your Score History
You have not taken this quiz